Szczegóły MARC21

Wokół problemów zawodowego równouprawnienia kobiet i mężczyzn : praca zbiorowa /

003 -Nazwa inst., której nr kontr. jest w polu 001 [,]
    • @
    • Nazwa instytucji, której n kontrolny jest w polu 001
    • NUKAT
005 -DATA I CZAS OSTATNIEJ MODYFIKACJI [,]
    • @
    • pole kontrolne
    • 20241231105823.0
020 -Międzynarod. znormalizowany nr książki - ISBN [ , ]
    • a
    • Numer ISBN
    • 838583883X Find
040 -Instytucja sporządzająca opis [ , ]
    • a
    • Instytucja, która sporządziła opis (NP)
    • GD U/2GT
    • c
    • Instytucja, która sporządziła rekord (NP)
    • GD U/2GT
    • d
    • Instytucja, która zmodyfikowała rekord (P)
    • GD U/AJ
    • d
    • Instytucja, która zmodyfikowała rekord (P)
    • GD U/2GTs
    • d
    • Instytucja, która zmodyfikowała rekord (P)
    • WA U/ASO
942 -Rodzaj dokumentu [ , ]
    • c
    • Rodzaj dokumentu
    • Książka
245 -Strefa tytułu i oznaczenia odpowiedzialności [0,0]
    • a
    • Tytuł
    • Wokół problemów zawodowego równouprawnienia kobiet i mężczyzn : Find
    • b
    • Ciąg dalszy tytułu (NP)
    • praca zbiorowa / Find
    • c
    • Pozostałe elementy strefy tytułu i oznaczenia odpowiedzialności (NP)
    • pod red. Renaty Siemieńskiej.
246 -Wariant tytułu [1,4]
    • a
    • Tytuł (NP)
    • Wokół zawodowego równouprawnienia kobiet i mężczyzn
260 -Strefa adresu wydawniczego [ , ]
    • a
    • Miejsce wydania (P)
    • Warszawa :
    • b
    • Nazwa wydawcy (P)
    • Wydaw. Naukowe Scholar,
    • c
    • Data wydania (P)
    • 1997.
300 -Strefa opisu fizycznego [ , ]
    • a
    • Określenie formy książki i/lub objętość (NP)
    • 133 s. :
    • b
    • Oznaczenie ilustracji (NP)
    • rys., wykr. ;
    • c
    • Format (NP)
    • 24 cm.
336 -Typ zawartości [ , ]
    • a
    • Termin opisujący typ zawartości
    • Tekst
    • b
    • Kod określający zawartość
    • txt
    • 2
    • Źródło (terminu i kodu)
    • rdacontent
337 -Typ mediów [ , ]
    • a
    • Tryb odtwarzania
    • Bez urządzenia pośredniczącego
    • b
    • Kod typu mediów
    • n
    • 2
    • Źródło (terminu i kodu)
    • rdamedia
338 -Typ/rodzaj nośnika [ , ]
    • a
    • Hasło opisujące typ nośnika
    • Wolumin
    • b
    • Kod typu nośnika
    • nc
    • 2
    • Źródło (terminu i kodu)
    • rdacarrier
080 -Uniwersalna Klasyfikacja Dziesiętna [ , ]
    • a
    • Symbol klasyfikacji
    • 316.423.6(4:438)
080 -Uniwersalna Klasyfikacja Dziesiętna [ , ]
    • a
    • Symbol klasyfikacji
    • :316.346.2-055.2(4:438)
080 -Uniwersalna Klasyfikacja Dziesiętna [ , ]
    • a
    • Symbol klasyfikacji
    • :331-055.2(4:438)
080 -Uniwersalna Klasyfikacja Dziesiętna [ , ]
    • a
    • Symbol klasyfikacji
    • :331.5(4:438)
650 -Hasło przedmiotowe [ ,7]
    • a
    • Hasło przedmiotowe
    • Dyskryminacja płci w zatrudnieniu
    • z
    • Określnik geograficzny
    • Kraje Unii Europejskiej.
    • 2
    • Źródło terminu
    • kaba
    • 9
    • KHW
    • 442898
650 -Hasło przedmiotowe [ ,7]
    • a
    • Hasło przedmiotowe
    • Dyskryminacja płci w zatrudnieniu
    • z
    • Określnik geograficzny
    • Polska.
    • 2
    • Źródło terminu
    • kaba
    • 9
    • KHW
    • 442897
650 -Hasło przedmiotowe [ ,7]
    • a
    • Hasło przedmiotowe
    • Dyskryminacja płci w zatrudnieniu
    • x
    • Określnik rzeczowy
    • prawo
    • z
    • Określnik geograficzny
    • Kraje Unii Europejskiej.
    • 2
    • Źródło terminu
    • kaba
    • 9
    • KHW
    • 415864
980 -Symbol UKD [ , ]
    • a
    • UKD
    • 316.423.6:316.346.2-055.2:331-055.2:331.5](4:438)
700 -Hasło dodatkowe - nazwa osobowa [1, ]
    • a
    • Nazwa osobowa (NP)
    • Żochowska, Renata. Find
    • e
    • Określenie rodzaju współpracy
    • Red.
    • 9
    • KHW
    • 252105
920 -ISBN [ , ]
    • a
    • ISBN
    • 83-85838-83-X Find
Numer inwentarzowy Status udost. Data inwentaryzacji Lokalizacja Sygnatura
Pd.1141111998-10-05BG 
F.2717611997-06-13BNS 
F.27191-21997-06-16BNS 
SA.781911997-08-22BSASA.7819